| 000 | 00590nam a22001937a 4500 | ||
|---|---|---|---|
| 005 | 20250225115414.0 | ||
| 010 | _aENG-143897 | ||
| 020 |
_c150.00 _a9788189430245 |
||
| 035 | _aEN-127429 | ||
| 037 | _bDBAD/PUB | ||
| 082 | _aN | ||
| 100 |
_aKriyananda Swami _978644 |
||
| 245 |
_aVisits to Saints of India/ _cSwami Kriyananda; _hEnglish |
||
| 250 | _a1 | ||
| 260 |
_aGurgaon, _bAnanda Sangha Publications (P) Ltd _c2007 |
||
| 270 |
_bGurgaou _aB-10/8 DLF city Phase 1 Gurgaon, Haryana _e122002 _k9899267698 _k91-0124-405-9550 |
||
| 300 |
_a175pg. _c21cm(pbk) |
||
| 942 |
_2ddc _cEN _hN _mKRI |
||
| 999 |
_c209716 _d209716 |
||